000 00886pam a2200289 i 4500
999 _c5353
_d5353
001 5353
003 BD-JhCC
005 20171213121600.0
008 790626s1980 nyua 001 0 eng
020 _a0070223130
035 _a(BD-JhCC)5353
040 _aDLC
_cDLC
_dDLC
041 _aeng
050 0 0 _aT353
_b.M48 1980
082 0 0 _a604/.2
_bFRE 1977
245 0 0 _aMechanical drawing /
_cThomas E. French ... [et al.].
250 _a9th ed.
260 _aNew York :
_bMcGraw-Hill,
_cc1980.
300 _a568 p. :
_bill. (some col.) ;
_c27 cm.
500 _aIncludes index.
520 _aA textbook introducing the basic theory, techniques, and uses of drafting for industrial arts and vocational high school students.
650 0 _aMechanical drawing.
650 1 _aMechanical drawing.
700 1 _aFrench, Thomas Ewing,
_d1871-1944.
942 _2ddc
_cBK